| 000 | 00618nam a22001817a 4500 | ||
|---|---|---|---|
| 999 |
_c187879 _d187879 |
||
| 005 | 20220504104745.0 | ||
| 010 | _aENG-132502 | ||
| 020 |
_a9789382968450 _c895.00 |
||
| 035 | _aEN-116034 | ||
| 037 | _bDBAD/PUB | ||
| 082 | _a305.80095435 | ||
| 100 | _aSuresh, Devath | ||
| 245 |
_aTribal Development Administration: _bA Study of MADA in Andhra Pradesh/ _cDevath Suresh |
||
| 260 |
_aNew Delhi _bAvni Publications _c2020 |
||
| 270 |
_aRZ-45D, Street No. 2, Main Sagarpur _bNew Delhi _e110046 _mavnipublications@gmail.com |
||
| 300 |
_a291p. _bIndex _c22cm(hbk) |
||
| 942 |
_2ddc _cEN _h305.80095435 _mSUR |
||